000 01370nac a22002891u 4500
090 _c8105
008 090128t xxu||||| |||| 00| 0 eng d
010 _a 2006285565
020 _a1418836400
020 _a9781418836405
024 3 _a9781418836405
035 _a(OCoLC)ocm70281553
035 _a(OCoLC)70281553
082 0 0 _a005.133
_bMAL
100 _aMalik, D. S.
245 1 0 _aC++ Programming :
_bProgram design including data structures /
_cD.S. Malik.
250 _a3rd ed.
260 _aAustralia :
_bThomson Course Technology,
_cc2007.
300 _axlvii, 1575 p. :
_bcol. ill. ;
_c23 cm.
500 _aIncludes index.
650 0 _aC++ (Computer program language)
856 4 1 _3Table of contents only
_uhttp://www.loc.gov/catdir/toc/fy0705/2006285565.html
942 _cBB
_k005.133MAL
_2ddc
999 _c8105
_d8105